| 000 | 00693nam a2200241 a 4500 | ||
|---|---|---|---|
| 003 | AR-BaBNM | ||
| 005 | 20251128202752.0 | ||
| 008 | 082120s2002 ||||||||||||||000 | spa|| | ||
| 040 | _cAR-BaBNM | ||
| 100 | 1 | _aMartínez, Haydee Blanca | |
| 245 | 0 | 0 | _aCuentos que no son cuentos... |
| 260 |
_aBuenos Aires _bCentro de Arte Urano 2001 _c1992 |
||
| 300 |
_a88 p. _bil. |
||
| 500 | _aContiene un breve comentario de la obra en contratapa a cargo de Carlos Alberto Dávila | ||
| 650 | 4 | _aLITERATURA ARGENTINA | |
| 650 | 4 | _aESCRITORES | |
| 650 | 4 | _aLITERATURA CONTEMPORANEA | |
| 653 | _aNARRATIVA | ||
| 653 | _aCUENTO FANTASTICO | ||
| 655 | _aLITERATURA | ||
| 942 | _cBK | ||
| 998 | _cMARTIN | ||
| 999 |
_c472 _d472 |
||